AFC Bournemouth Squad 2019-2020 - Statistics

General Stats
  • This quiz has been taken 12 times
  • The average score is 18 of 29
Answer Stats
# Position Nation Player % Correct
1 GK Poland Artur Boruc
100%
13 FW England Callum Wilson
100%
22 FW Wales Harry Wilson
100%
7 FW Norway Joshua King
100%
- Coach England Eddie Howe
91%
5 DF Netherlands Nathan Aké
91%
29 MF Denmark Philip Billing
91%
8 MF Colombia Jefferson Lerma
82%
16 MF England Lewis Cook
82%
3 DF England Steve Cook
82%
14 FW Netherlands Arnaut Groeneveld
73%
9 FW England Dominic Solanke
73%
15 DF England Adam Smith
64%
20 FW Wales David Brooks
64%
21 DF Spain Diego Rico
64%
24 FW Scotland Ryan Fraser
64%
12 GK England Aaron Ramsdale
55%
6 MF England Andrew Surman
55%
11 DF England Charlie Daniels
55%
33 DF Wales Chris Mepham
55%
4 MF England Dan Gosling
55%
19 FW England Junior Stanislas
55%
26 DF England Lloyd Kelly
55%
2 DF England Simon Francis
36%
17 DF England Jack Stacey
27%
44 FW England Sam Surridge
27%
25 DF England Jack Simpson
18%
10 FW England Jordon Ibe
9%
36 MF England Matt Butcher
9%
No matching quizzes found
Score Distribution
Percent of People with Each Score
Percentile by Number Answered
Your Score History
You have not taken this quiz